Nations of Italy 1794 - Statistics

General Stats
  • This quiz has been taken 358 times
  • The average score is 9 of 12
Answers on the Map
Answers color-coded by a green-red scale on the quiz's map according to % correct below.
 
Answer Stats
Answer % Correct
Kingdom of Sardinia
96%
Kingdom of Sicily
96%
Republic of Venice
95%
Papal States
93%
Grand Duchy of Tuscany
90%
Republic of Genoa
89%
Kingdom of Milan
83%
Duchy of Parma
70%
Duchy of Modena
66%
Republic of Lucca
66%
Bishopric of Trent
55%
Republic of Ragusa
40%
No matching quizzes found
Score Distribution
Percent of People with Each Score
Percentile by Number Answered
Your Score History
You have not taken this quiz